[Event "IECC Swiss email"]
[Site "IECC email"]
[Date "2003.07.01"]
[Round "?"]
[White "Jonsson, Gudbrandur"]
[Black "Booth, Cameron"]
[Result "1-0"]
[WhiteElo "1594"]
[BlackElo "1002"]
[PlyCount "51"]
[EventDate "2003.??.??"]
[EventType "tourn (corr)"]
[EventRounds "6"]
[SourceTitle "Corr 2008"]
[Source "ChessBase"]
[SourceDate "2008.06.24"]
[SourceVersion "1"]
[SourceVersionDate "2008.06.24"]
[SourceQuality "1"]

1. d4 Nf6 2. Nf3 g6 3. e3 d5 4. Bd3 Bg7 5. 0-0 0-0 6. Ne5 Nbd7 7. f4 b6 8. Nc3 c5 9. Nc6 Qe8 10. Nb5 Ne5 11. Nxe5 Qd8 12. dxc5 bxc5 13. c4 dxc4 14. Bxc4 Bb7 15. Qxd8 Rfxd8 16. Bxf7+ Kf8 17. Nc7 Rd6 18. Ne6+ Rxe6 19. Bxe6 Rd8 20. Nf7 Rd3 21. f5 Bd5 22. Ne5 Bxe6 23. Nxd3 Bxf5 24. Nxc5 Kf7 25. e4 Bg4 26. e5 1-0